01532nam a2200301 a 4500001001000000005001700010008004100027041000800068044000800076084002000084100004500104245016700149250000600316260005100322300002200373500024100395500011700636500011100753500001000864546002400874650005200898650005600950650003401006650004501040700003901085700005601124740005001180BRCA_321620190320204152.0270209s1766----enka---###---#000-0#eng-# aeng aenk a517b.T66c17661 aCervantes Saavedra, Miguel ded1547-161610aThe Life and Exploits of the Ingenious Gentleman Don Quixote de la ManchacTranslated from the Original Spanish of Miguel de Cervantes Saavedra by Charles Jarvis. a4 aLondresbJ. and R. Tonson and J. Dodsleyc1766 a4 v.bil.c18 cm. aContenido : v.1. Primera parte. Prefacio del traductor. Vida de Cervantes extractada de la escrita por Mayáns. Prólogo del autor. -- v.2. Primera parte. Texto. -- v.3. Segunda parte. Prólogo del autor. -- v.4. Segunda parte. Texto aEdición : The Whole Carefully Revised and Corrected, with a new Translation of the Poet. Parts by Another Hand aEjemplar por completo igual al anterior [516]. Piel; lomos y planos decorados con dorados Lúdovik Osterc aQM416 aTexto en : inglés14aNovela españolayÉpoca clásica, 1500-170014aLiteratura españolayÉpoca clásica, 1500-170014aNovela españolaySiglo XVII14aDon Quijote (Personaje ficticio)eNovela1 aJarvis, Charlesd?-1739eTraductor1 aMayáns I. Siscar, Gregoriod1699-1781eBiógrafo0 aEl Ingenioso Hidalgo Don Quijote de la Mancha